Guia de Bibliotecas Jurd̕icas Rio

Bibliographic Details
Format: eBook
Language:Portuguese
Published: Rio de Janeiro: Grupo de de Profissionais em Informaȯ̂ e Documentaȯ̂ Jurd̕ica do Rio do Janeiro, 2018
Edition:7ma. edicin̤
Subjects:
Online Access:Acceso restringido

MARC

LEADER 00000nam a22000007a 4500
005 2019030106336.0
007 cr|||| ||||
008 190301s2018 br |||||s|||| 00||0 por d
020 |a 978-85-86319-04-4 
035 |a 22923 
040 |a vLex 
090 |c 8491  |d 8491 
245 0 0 |a Guia de Bibliotecas Jurd̕icas Rio  |h [Recurso electrn̤ico] / 
250 |a 7ma. edicin̤ 
256 |a Servicio en ln̕ea 
260 |a Rio de Janeiro:  |b Grupo de de Profissionais em Informaȯ̂ e Documentaȯ̂ Jurd̕ica do Rio do Janeiro,  |c 2018 
300 |a 1 recurso electrn̤ico 
506 1 |a Disponible solo en los productos indicados  |d vLex Global  |d vLex Global (Academic Edition, excluding Law Schools)  |d vLex Global (U.S. Academic Edition, Law Schools)  |d vLex Global (U.S. Academic Edition, excluding Law Schools)  |d vLex Global (Academic Edition, Law Schools) 
650 0 4 |a Ciencias sociales  |z Brasil 
740 0 |a vLex Libros (Servicio en ln̕ea) 
856 4 0 |u http://vlex.com/source/guia-de-bibliotecas-juridicas-rio-7a-edi-o-22923  |z Acceso restringido 
942 |c BOOK 
999 0 |a Social Sciences